[Event "Baku Open 2014"]
[Site "Baku AZE"]
[Date "2014.09.24"]
[Round "3.7"]
[White "Efimenko, Zahar"]
[Black "Darini, Pouria"]
[Result "1-0"]
[WhiteElo "2641"]
[BlackElo "2442"]
[PlyCount "69"]
[EventDate "2014.09.22"]

1. e4 c5 2. Nf3 d6 3. d4 cxd4 4. Nxd4 Nf6 5. Nc3 a6 6. Be2 e5 7. Nb3 Be7 8. O-O
O-O 9. a4 Be6 10. Bf3 Nbd7 11. a5 Rc8 12. Be3 Qc7 13. Re1 Rfe8 14. Nd2 h6 15.
Nf1 Bf8 16. Ng3 Red8 17. h3 g6 18. Re2 Kh7 19. Na4 Qb8 20. b3 Ne8 21. c4 Ng7
22. Qc1 Nc5 23. Nxc5 dxc5 24. Bxh6 Rd3 25. Re3 Qd6 26. Nf1 Rxe3 27. Nxe3 Qd3
28. Bg5 Qxb3 29. Rb1 Qa4 30. Rxb7 Qxa5 31. Bg4 Kg8 32. Bf6 Rc6 33. Bxe5 Qd8 34.
Nd5 Ne8 35. Qf4 1-0

[Event "Baku Open 2014"]
[Site "Baku AZE"]
[Date "2014.09.24"]
[Round "3.8"]
[White "Lupulescu, Constantin"]
[Black "Rzayev, Bahruz"]
[Result "1/2-1/2"]
[WhiteElo "2630"]
[BlackElo "2416"]
[PlyCount "61"]
[EventDate "2014.09.22"]

1. d4 d5 2. c4 e6 3. Nc3 c5 4. cxd5 exd5 5. Nf3 Nc6 6. e3 Nf6 7. Bb5 a6 8.
Bxc6+ bxc6 9. Qc2 cxd4 10. exd4 Bd6 11. O-O O-O 12. Bg5 Bc7 13. Bh4 Qd6 14. Bg3
Qe7 15. Bxc7 Qxc7 16. Na4 Qf4 17. Qxc6 Rb8 18. Qc3 Ne4 19. Qa3 Bg4 20. Rfe1
Rfc8 21. h3 Rc2 22. hxg4 Nxf2 23. Qe3 Nh3+ 24. Kh1 Nf2+ 25. Kg1 Nh3+ 26. Kf1
Rf2+ 27. Qxf2 Nxf2 28. Kxf2 Qxg4 29. b3 h6 30. Nc5 Rb6 31. Re2 1/2-1/2

[Event "Baku Open 2014"]
[Site "Baku AZE"]
[Date "2014.09.24"]
[Round "3.9"]
[White "Shimanov, Aleksandr"]
[Black "Givon, Asaf"]
[Result "1/2-1/2"]
[WhiteElo "2624"]
[BlackElo "2431"]
[PlyCount "62"]
[EventDate "2014.09.22"]

1. e4 c5 2. Nc3 e6 3. Nf3 a6 4. d4 cxd4 5. Nxd4 Qc7 6. Qf3 b5 7. Bf4 Qb6 8.
O-O-O Bb7 9. Qg3 Nc6 10. Bc7 Qa7 11. Nf5 exf5 12. Nd5 f4 13. Bxf4 Rc8 14. Be2
Nd4 15. Bg4 Bxd5 16. exd5 Nxc2 17. Kb1 Nf6 18. Bf5 Nh5 19. Qf3 Nxf4 20. Qxf4
Qc5 21. Rc1 Bd6 22. Rhe1+ Kf8 23. Qf3 Nxe1 24. Rxc5 Rxc5 25. Qe4 Nc2 26. Qh4
Be7 27. Qf4 g5 28. Qd2 Nb4 29. Qd4 Rg8 30. d6 Rxf5 31. dxe7+ Kxe7 1/2-1/2

[Event "Baku Open 2014"]
[Site "Baku AZE"]
[Date "2014.09.24"]
[Round "3.10"]
[White "Iordachescu, Viorel"]
[Black "Mammadzada, Gunay"]
[Result "1-0"]
[WhiteElo "2603"]
[BlackElo "2316"]
[PlyCount "67"]
[EventDate "2014.09.22"]

1. d4 d5 2. c4 c6 3. Nf3 Nf6 4. Nc3 dxc4 5. a4 Bf5 6. Nh4 Bd7 7. e4 e6 8. Bxc4
Nxe4 9. Nxe4 Qxh4 10. Qf3 Bb4+ 11. Kf1 f5 12. Ng5 Qxd4 13. Qh5+ Kd8 14. Qe2 Re8
15. Be3 Qg4 16. Nf7+ Kc8 17. f3 Qg6 18. Ne5 Qf6 19. f4 Bd6 20. Bd4 c5 21. Bc3
Qh4 22. Qe3 g5 23. Rd1 gxf4 24. Qd3 Bxe5 25. Bxe5 f3 26. gxf3 Bc6 27. Rg1 Qh3+
28. Ke2 f4 29. Rg7 Qxh2+ 30. Ke1 Qh4+ 31. Kd2 Nd7 32. Rxd7 Bxd7 33. Qd6 Qd8 34.
Kc1 1-0

[Event "Baku Open 2014"]
[Site "Baku AZE"]
[Date "2014.09.25"]
[Round "4.1"]
[White "Baryshpolets, Andrey"]
[Black "Efimenko, Zahar"]
[Result "1-0"]
[WhiteElo "2540"]
[BlackElo "2641"]
[PlyCount "77"]
[EventDate "2014.09.22"]

1. Nf3 Nf6 2. c4 e6 3. g3 b6 4. Bg2 Bb7 5. O-O Be7 6. Nc3 O-O 7. Re1 d5 8. cxd5
Nxd5 9. e4 Nxc3 10. bxc3 Nc6 11. d4 Na5 12. Bf4 Bd6 13. Ne5 Qe8 14. Qg4 f6 15.
Bh6 Qe7 16. Nd3 e5 17. dxe5 fxe5 18. Bg5 Qf7 19. f4 Nc4 20. Rad1 Rae8 21. f5 a5
22. Rf1 Kh8 23. Qe2 Be7 24. h4 h6 25. Bf3 Bxg5 26. hxg5 Qe7 27. Nf2 Nd6 28.
gxh6 gxh6 29. Kg2 Nxf5 30. exf5 e4 31. Bh5 e3+ 32. Kh2 Rxf5 33. Bxe8 Qxe8 34.
Nh3 Re5 35. Rd4 Qc6 36. Rd8+ Kh7 37. Qd3+ Re4 38. Qd7+ Qxd7 39. Rxd7+ 1-0

[Event "Baku Open 2014"]
[Site "Baku AZE"]
[Date "2014.09.25"]
[Round "4.2"]
[White "Areshchenko, Alexander"]
[Black "Rasulov, Vugar"]
[Result "1-0"]
[WhiteElo "2664"]
[BlackElo "2514"]
[PlyCount "81"]
[EventDate "2014.09.22"]

1. e4 c5 2. Nf3 e6 3. d4 cxd4 4. Nxd4 a6 5. Nc3 b5 6. Bd3 Qb6 7. Nf3 Qc7 8. O-O
Bb7 9. Re1 Be7 10. e5 f5 11. Ng5 g6 12. Bf1 Nc6 13. Nf3 Bc5 14. a3 Nce7 15. Bf4
h6 16. Be3 Nd5 17. Nxd5 Bxd5 18. Bxc5 Qxc5 19. b4 Qb6 20. a4 bxa4 21. c4 Bc6
22. b5 axb5 23. cxb5 Bb7 24. Nd2 Bd5 25. Rxa4 Rxa4 26. Qxa4 Ne7 27. Nc4 Bxc4
28. Bxc4 Kf7 29. Rd1 Qc7 30. g3 Rc8 31. Bf1 Nd5 32. Qh4 Qxe5 33. Qxh6 Rh8 34.
Qd2 Nf6 35. b6 Rb8 36. Rb1 d5 37. Qa5 g5 38. Qa7+ Kg6 39. Qc7 Ng4 40. h3 Rh8
41. Bg2 1-0

[Event "Baku Open 2014"]
[Site "Baku AZE"]
[Date "2014.09.25"]
[Round "4.3"]
[White "Wen, Yang"]
[Black "Berkes, Ferenc"]
[Result "1/2-1/2"]
[WhiteElo "2598"]
[BlackElo "2649"]
[PlyCount "82"]
[EventDate "2014.09.22"]

1. Nf3 Nf6 2. g3 d5 3. Bg2 g6 4. d4 Bg7 5. c4 c6 6. O-O O-O 7. Qa4 Nbd7 8. cxd5
Nb6 9. Qb3 cxd5 10. Bf4 Bd7 11. Rc1 Bc6 12. Nbd2 Nbd7 13. Qa3 e6 14. Bd6 Re8
15. e3 Qb6 16. Rc2 Rec8 17. Rac1 Ne8 18. Be7 Nc7 19. Nb3 a5 20. Nc5 Na6 21.
Nxd7 Bxd7 22. Rxc8+ Rxc8 23. Rxc8+ Bxc8 24. Qa4 Nc7 25. Qc2 Bf8 26. Bd8 Bd6 27.
Ne5 Kf8 28. Ng4 Qc6 29. Qxc6 bxc6 30. Nf6 h5 31. f4 a4 32. Bf1 Nb5 33. Kf2 a3
34. Bxb5 cxb5 35. b3 b4 36. Ke1 Ba6 37. Kd2 Bf1 38. e4 Be7 39. Bxe7+ Kxe7 40.
e5 Bh3 41. Kc1 Bf5 1/2-1/2

[Event "Baku Open 2014"]
[Site "Baku AZE"]
[Date "2014.09.25"]
[Round "4.4"]
[White "Mamedov, Nidjat"]
[Black "Guliyev, Namig"]
[Result "1/2-1/2"]
[WhiteElo "2624"]
[BlackElo "2546"]
[PlyCount "59"]
[EventDate "2014.09.22"]

1. e4 e5 2. Nf3 Nf6 3. Nxe5 d6 4. Nf3 Nxe4 5. Nc3 Nxc3 6. dxc3 Be7 7. Be3 Nc6
8. Qd2 Be6 9. a3 Qd7 10. O-O-O a6 11. Ng5 Bxg5 12. Bxg5 f6 13. Be3 O-O-O 14. f3
Qf7 15. b3 h5 16. h4 Rhe8 17. Kb2 d5 18. Qf2 Bf5 19. Bf4 Qe7 20. Rg1 g5 21. Bg3
Qe3 22. Rh1 g4 23. fxg4 Qxf2 24. Bxf2 Bxg4 25. Rd2 Ne5 26. Bd4 c6 27. Rf2 Re6
28. g3 Kd7 29. Bg2 Rde8 30. a4 1/2-1/2

[Event "Baku Open 2014"]
[Site "Baku AZE"]
[Date "2014.09.25"]
[Round "4.5"]
[White "Romanishin, Oleg M"]
[Black "Iordachescu, Viorel"]
[Result "1/2-1/2"]
[WhiteElo "2502"]
[BlackElo "2603"]
[PlyCount "47"]
[EventDate "2014.09.22"]

1. Nf3 Nf6 2. g3 g6 3. c4 Bg7 4. Bg2 O-O 5. d4 d6 6. O-O Nbd7 7. Qc2 e5 8. Rd1
Re8 9. dxe5 dxe5 10. e4 c6 11. h3 Qc7 12. Be3 b6 13. Nc3 Bf8 14. a3 Bb7 15. b4
a5 16. b5 cxb5 17. Nxb5 Qc8 18. Nd2 Nc5 19. Nc3 Bc6 20. Rdb1 Rb8 21. Nd5 Nxd5
22. cxd5 Bd7 23. Nc4 Ba4 24. Qe2 1/2-1/2

[Event "Baku Open 2014"]
[Site "Baku AZE"]
[Date "2014.09.25"]
[Round "4.6"]
[White "Krasenkow, Michal"]
[Black "Donchenko, Alexander"]
[Result "1/2-1/2"]
[WhiteElo "2636"]
[BlackElo "2501"]
[PlyCount "64"]
[EventDate "2014.09.22"]

1. d4 d5 2. Nf3 Nf6 3. c4 dxc4 4. Qa4+ Nc6 5. Nc3 Nd5 6. Ne5 Nb6 7. Nxc6 Qd6 8.
Qa5 Qxc6 9. e4 e6 10. Bg5 h6 11. Bh4 Bd7 12. Be2 Qd6 13. Bg3 Qxd4 14. Bxc7 Qc5
15. Bxb6 Qxb6 16. Qxb6 axb6 17. Bxc4 Bd6 18. O-O-O Be5 19. Kb1 Bc6 20. f3 g5
21. Bb5 Ke7 22. Bxc6 bxc6 23. Ne2 c5 24. h3 b5 25. Rd2 Ra7 26. a3 Rb8 27. Nc1
c4 28. Na2 c3 29. Nxc3 Bxc3 30. bxc3 Rxa3 31. Rc1 Rba8 32. Rb2 Rc8 1/2-1/2

[Event "Baku Open 2014"]
[Site "Baku AZE"]
[Date "2014.09.25"]
[Round "4.7"]
[White "Baron, Tal"]
[Black "Inarkiev, Ernesto"]
[Result "0-1"]
[WhiteElo "2513"]
[BlackElo "2672"]
[PlyCount "88"]
[EventDate "2014.09.22"]

1. d4 d5 2. c4 c6 3. Nc3 dxc4 4. e3 b5 5. a4 b4 6. Ne4 Qd5 7. Ng3 Nf6 8. Be2 e5
9. Nf3 exd4 10. exd4 Bd6 11. Nf1 c3 12. bxc3 Ne4 13. c4 Qe6 14. Bb2 O-O 15. Ne3
Bf4 16. Nc2 Qg6 17. g3 Bc7 18. O-O Bh3 19. Nh4 Qf6 20. Ng2 Re8 21. Bd3 Nd7 22.
Nxb4 Rab8 23. Ba3 Ba5 24. Na6 Rbc8 25. Qh5 Bf5 26. Rad1 g6 27. Qh6 Nc3 28. Bxf5
Qxf5 29. Ra1 Nf6 30. Kh1 Ng4 31. Qf4 Qh5 32. h4 Ne2 33. Qg5 Qxg5 34. hxg5 Bc3
35. Rad1 Bxd4 36. Bc5 Rcd8 37. Nf4 Bxc5 38. Rxd8 Rxd8 39. Nxc5 Nxf4 40. gxf4
Rd4 41. f3 Rxf4 42. Ne4 Kg7 43. c5 Ne5 44. Nd6 Nxf3 0-1

[Event "Baku Open 2014"]
[Site "Baku AZE"]
[Date "2014.09.25"]
[Round "4.8"]
[White "Yilmazyerli, Mert"]
[Black "Kuzubov, Yuriy"]
[Result "1/2-1/2"]
[WhiteElo "2454"]
[BlackElo "2663"]
[PlyCount "81"]
[EventDate "2014.09.22"]

1. e4 c5 2. Nf3 d6 3. d4 cxd4 4. Nxd4 Nf6 5. Nc3 a6 6. Bg5 Nbd7 7. Qe2 h6 8.
Bh4 g6 9. f4 e5 10. fxe5 dxe5 11. O-O-O Be7 12. Nf3 Qc7 13. Nd5 Nxd5 14. exd5
Bxh4 15. Nxh4 Qd6 16. Qe3 b5 17. Bd3 Bb7 18. Rhf1 Rc8 19. Rxf7 Kxf7 20. Bxg6+
Kg8 21. Bf5 e4 22. Be6+ Kf8 23. Qf2+ Ke8 24. Qf7+ Kd8 25. Nf5 Qf4+ 26. Kb1 Kc7
27. Qxd7+ Kb8 28. Qd6+ Qxd6 29. Nxd6 Rcf8 30. Nxe4 Rf4 31. Nc5 Rd8 32. a3 Rf2
33. Nxb7 Kxb7 34. Bh3 Kc7 35. Rd3 Kd6 36. Re3 Rf6 37. Rc3 Ke5 38. Be6 Rf1+ 39.
Ka2 Rf2 40. Kb3 Rxg2 41. Rh3 1/2-1/2

[Event "Baku Open 2014"]
[Site "Baku AZE"]
[Date "2014.09.25"]
[Round "4.9"]
[White "Givon, Asaf"]
[Black "Artemiev, Vladislav"]
[Result "0-1"]
[WhiteElo "2431"]
[BlackElo "2650"]
[PlyCount "94"]
[EventDate "2014.09.22"]

1. e4 c5 2. Nf3 e6 3. d4 cxd4 4. Nxd4 a6 5. Nc3 d6 6. Be3 b5 7. Qd2 Nf6 8. f3
b4 9. Nd1 e5 10. Nb3 Nc6 11. Bf2 Be7 12. Ne3 O-O 13. Rd1 Rb8 14. c4 bxc3 15.
bxc3 a5 16. Qc2 Qc7 17. Be2 Be6 18. O-O Rfc8 19. Na1 Qd8 20. Qd2 a4 21. Nd5
Bxd5 22. exd5 Na5 23. Rb1 Nc4 24. Bxc4 Rxc4 25. Nc2 Rbc8 26. Nb4 Qc7 27. Nc6
Nxd5 28. Na7 Nxc3 29. Nxc8 Qxc8 30. Rb6 h6 31. Qb2 Qf5 32. Rb8+ Kh7 33. Be1 Nd5
34. Qb5 Qd3 35. Qb1 Qxb1 36. Rxb1 Bg5 37. Bf2 Rc2 38. a3 Nc3 39. Rb4 d5 40. Be1
Be3+ 41. Kh1 Rc1 42. g3 d4 43. Kg2 Rc2+ 44. Kh1 Ra2 45. Bxc3 dxc3 46. Rxa4 c2
47. Rc4 Rb2 0-1

[Event "Baku Open 2014"]
[Site "Baku AZE"]
[Date "2014.09.25"]
[Round "4.10"]
[White "Iskandarov, Misratdin"]
[Black "Lupulescu, Constantin"]
[Result "0-1"]
[WhiteElo "2398"]
[BlackElo "2630"]
[PlyCount "73"]
[EventDate "2014.09.22"]

1. Nf3 d5 2. g3 Nf6 3. Bg2 c6 4. O-O Bg4 5. d3 e6 6. Nbd2 Be7 7. e4 O-O 8. Qe2
Bh5 9. h3 h6 10. b3 a5 11. a4 Nfd7 12. Bb2 Na6 13. Rfe1 Bf6 14. e5 Be7 15. g4
Bg6 16. Nd4 Nb4 17. Nf1 Qb6 18. Rad1 Rae8 19. c3 Na6 20. Ng3 Nc7 21. f4 f6 22.
Kh2 fxe5 23. fxe5 c5 24. Nf3 Qxb3 25. Ra1 Rf7 26. Ra3 Qb6 27. c4 Ref8 28. Rf1
Nb8 29. Bc3 Nc6 30. Nd2 Nb4 31. Rb3 Qc6 32. Rxf7 Rxf7 33. Bxb4 cxb4 34. d4 Qxa4
35. cxd5 Nxd5 36. Qc4 Qc6 37. Rb1 0-1

[Event "Baku Open 2014"]
[Site "Baku AZE"]
[Date "2014.09.26"]
[Round "5.1"]
[White "Baryshpolets, Andrey"]
[Black "Areshchenko, Alexander"]
[Result "1/2-1/2"]
[WhiteElo "2540"]
[BlackElo "2664"]
[PlyCount "30"]
[EventDate "2014.09.22"]

1. Nf3 Nf6 2. c4 g6 3. Nc3 d5 4. cxd5 Nxd5 5. g3 Bg7 6. Bg2 O-O 7. d4 Nxc3 8.
bxc3 c5 9. O-O Nc6 10. e3 cxd4 11. cxd4 Be6 12. Bb2 Rc8 13. Qe2 Na5 14. Rfc1
Rxc1+ 15. Bxc1 Bd5 1/2-1/2

[Event "Baku Open 2014"]
[Site "Baku AZE"]
[Date "2014.09.26"]
[Round "5.2"]
[White "Inarkiev, Ernesto"]
[Black "Iordachescu, Viorel"]
[Result "1-0"]
[WhiteElo "2672"]
[BlackElo "2603"]
[PlyCount "111"]
[EventDate "2014.09.22"]

1. d4 Nf6 2. c4 e6 3. Nf3 Bb4+ 4. Nbd2 d5 5. Qa4+ Nc6 6. a3 Be7 7. e3 a5 8. b4
O-O 9. c5 Nb8 10. Bd3 c6 11. Bb2 b6 12. Ne5 Nfd7 13. Nxd7 Nxd7 14. Qc2 h6 15.
O-O bxc5 16. bxc5 Qc7 17. Rab1 e5 18. e4 exd4 19. Bxd4 Bf6 20. Nf3 Bxd4 21.
Nxd4 Ne5 22. Rfe1 Rd8 23. Bf1 dxe4 24. Qxe4 Ng4 25. g3 Bd7 26. Bg2 Re8 27. Qf3
Qa7 28. Qc3 Qc7 29. h3 Nf6 30. Qc4 Rad8 31. Qc3 h5 32. Rxe8+ Rxe8 33. Re1 Re5
34. Nb3 Rxe1+ 35. Qxe1 a4 36. Nd4 Qb7 37. Qc1 Ne8 38. Kh2 h4 39. g4 Nc7 40. Qg5
Qb8 41. Kg1 f6 42. Qc1 Nd5 43. Bxd5+ cxd5 44. c6 Bc8 45. c7 Qb6 46. Nf3 d4 47.
Qc4+ Kf8 48. Nxh4 Qb1+ 49. Kg2 Qb3 50. Qc5+ Kf7 51. Nf5 Qb7+ 52. Kg3 Qb3+ 53.
f3 Bxf5 54. gxf5 Qe3 55. Qd5+ Ke7 56. Qd8+ 1-0

[Event "Baku Open 2014"]
[Site "Baku AZE"]
[Date "2014.09.26"]
[Round "5.3"]
[White "Artemiev, Vladislav"]
[Black "Wen, Yang"]
[Result "1-0"]
[WhiteElo "2650"]
[BlackElo "2598"]
[PlyCount "103"]
[EventDate "2014.09.22"]

1. d4 Nf6 2. Nf3 g6 3. Bg5 Bg7 4. e3 d6 5. Nbd2 h6 6. Bh4 g5 7. Bg3 Nh5 8. Bd3
e6 9. c3 Qe7 10. Ng1 Nxg3 11. hxg3 Nd7 12. Ne2 Nf6 13. Qb3 c5 14. dxc5 dxc5 15.
Ne4 Nxe4 16. Bxe4 Qc7 17. O-O-O Rb8 18. g4 Bd7 19. Ng3 Ke7 20. Nh5 Be5 21. Rhf1
c4 22. Qc2 Qa5 23. f4 Ba4 24. Qf2 gxf4 25. Nxf4 Be8 26. Nxe6 Bxc3 27. Nf4 Bg7
28. Nd5+ Kf8 29. Bg6 Rh7 30. Bxh7 Qxa2 31. Bb1 Qa1 32. Rd4 c3 33. Nxc3 Rc8 34.
Qd2 b5 35. Rd8 Bxc3 36. bxc3 Rxc3+ 37. Kd1 Qxb1+ 38. Ke2 Qc2 39. Ra1 Rc7 40.
Qxc2 Rxc2+ 41. Kd3 Rxg2 42. Rxa7 Rg1 43. Rb8 Rd1+ 44. Ke4 Rd6 45. Kf5 Rd5+ 46.
Kf4 Rd6 47. e4 Rf6+ 48. Ke5 Re6+ 49. Kf5 Kg7 50. e5 Bc6 51. Rc7 Rg6 52. Kf4 1-0

[Event "Baku Open 2014"]
[Site "Baku AZE"]
[Date "2014.09.26"]
[Round "5.4"]
[White "Berkes, Ferenc"]
[Black "Salem, A.R. Saleh"]
[Result "1/2-1/2"]
[WhiteElo "2649"]
[BlackElo "2594"]
[PlyCount "210"]
[EventDate "2014.09.22"]

1. d4 Nf6 2. Nf3 g6 3. g3 Bg7 4. Bg2 d5 5. O-O O-O 6. Nbd2 c6 7. c4 Bf5 8. b3
a5 9. Bb2 a4 10. e3 Ne4 11. Nxe4 Bxe4 12. Qe2 Nd7 13. cxd5 cxd5 14. Qb5 Ra5 15.
Qxb7 Nc5 16. Qb4 Nd3 17. Qd2 Rb5 18. Ng5 Bxg2 19. Kxg2 Nxb2 20. Qxb2 Qb6 21.
Nf3 axb3 22. Rfb1 bxa2 23. Qxb5 axb1=Q 24. Rxb1 Qxb5 25. Rxb5 e6 26. g4 h6 27.
h4 Bf6 28. g5 hxg5 29. hxg5 Bg7 30. Nh2 f6 31. gxf6 Bxf6 32. Ng4 Bg7 33. Rb6
Re8 34. Kf3 g5 35. Rb7 Rf8+ 36. Kg3 Rf7 37. Rb8+ Rf8 38. Rb7 Rf7 39. Rb8+ Rf8
40. Rb5 Rf7 41. Nh2 Kh7 42. Nf3 Kg6 43. Kg4 Bf6 44. Rb6 Re7 45. Ra6 Re8 46. Rc6
Re7 47. Rb6 Re8 48. Ra6 Re7 49. Ra8 Rb7 50. Ra6 Re7 51. Rd6 Re8 52. Ne1 Kf7 53.
Nd3 Rh8 54. Ra6 Rh4+ 55. Kg3 Rh1 56. Ra7+ Be7 57. Ne5+ Kf6 58. Kf3 Rh3+ 59. Kg2
Rh5 60. Rb7 Rh4 61. Rd7 Rh5 62. Ra7 Rh4 63. Nc6 Bd6 64. Rd7 Bf8 65. Rd8 Be7 66.
Rd7 Bf8 67. f3 Rh5 68. Ne5 Be7 69. Ra7 Rh4 70. Rb7 Rh5 71. Rc7 Rh4 72. Ra7 Rh5
73. Ng4+ Kf7 74. Rb7 Rh4 75. Rb8 Bf6 76. Ra8 Rh5 77. Ra1 Rh4 78. Kg3 Rh5 79.
Ra7+ Be7 80. Nf2 Kf6 81. Rd7 Kf7 82. Ng4 Rh1 83. Ra7 Rh5 84. Ra8 Bd6+ 85. Kg2
Rh4 86. Rd8 Ke7 87. Rg8 Rh5 88. Rg7+ Kf8 89. Rd7 Be7 90. Ne5 Ke8 91. Ra7 Bf6
92. Ng4 Be7 93. Ra8+ Kf7 94. Ne5+ Kf6 95. Ra6 Rh4 96. Ra7 Rh5 97. Ra8 Bd6 98.
Ng4+ Kf7 99. Rc8 Ke7 100. Rc6 Rh8 101. Ra6 Rc8 102. Ra7+ Rc7 103. Rxc7+ Bxc7
104. Kf2 Kf7 105. Ke2 Bd6 1/2-1/2

[Event "Baku Open 2014"]
[Site "Baku AZE"]
[Date "2014.09.26"]
[Round "5.5"]
[White "Lupulescu, Constantin"]
[Black "Romanishin, Oleg M"]
[Result "1-0"]
[WhiteElo "2630"]
[BlackElo "2502"]
[PlyCount "95"]
[EventDate "2014.09.22"]

1. d4 Nf6 2. c4 e6 3. Nc3 Bb4 4. Qc2 O-O 5. a3 Bxc3+ 6. Qxc3 Ne4 7. Qc2 f5 8.
Nh3 d6 9. f3 Nf6 10. e3 e5 11. Be2 Nc6 12. dxe5 dxe5 13. O-O a5 14. Rd1 Qe7 15.
b3 h6 16. Nf2 Be6 17. Bb2 Qc5 18. Qc1 Qe7 19. Bc3 Qf7 20. Bb2 Nd7 21. Qc3 Nc5
22. Nd3 Nxd3 23. Bxd3 Qe7 24. c5 Rf7 25. b4 Qg5 26. Bf1 e4 27. b5 Ne7 28. f4
Qf6 29. Qc1 Qg6 30. Be5 Nd5 31. c6 b6 32. Rd4 Nf6 33. h3 Nh7 34. Qc3 Nf8 35.
Rad1 Kh7 36. Kh2 Qh5 37. Qe1 Bb3 38. Be2 Qg6 39. Rd8 Bxd1 40. Rxa8 Bxe2 41.
Qxe2 Qe6 42. Bxc7 Rxc7 43. Rxf8 Qd6 44. Rb8 g5 45. Qb2 Rg7 46. Qe5 Qxe5 47.
fxe5 f4 48. Rb7 1-0

[Event "Baku Open 2014"]
[Site "Baku AZE"]
[Date "2014.09.26"]
[Round "5.6"]
[White "Donchenko, Alexander"]
[Black "Mamedov, Nidjat"]
[Result "1-0"]
[WhiteElo "2501"]
[BlackElo "2624"]
[PlyCount "69"]
[EventDate "2014.09.22"]

1. c4 e5 2. g3 Nf6 3. Bg2 Nc6 4. Nc3 Bc5 5. Nf3 d6 6. O-O O-O 7. d3 h6 8. a3 a6
9. b4 Ba7 10. Bb2 Be6 11. Rc1 Qd7 12. e3 Bh3 13. d4 exd4 14. Nd5 Nxd5 15. Bxh3
Qxh3 16. cxd5 Ne5 17. Nxe5 dxe5 18. exd4 e4 19. Rxc7 Bb8 20. Rxb7 Bd6 21. Rb6
Rad8 22. Qe2 f5 23. Bc1 Rf6 24. Rxa6 Rdf8 25. Kh1 f4 26. Bxf4 Rxf4 27. gxf4
Bxf4 28. f3 e3 29. Rg1 Rf7 30. Ra8+ Kh7 31. Qc2+ Rf5 32. Qg2 Qxg2+ 33. Rxg2
Rxd5 34. Ra7 Bg5 35. Rxg5 1-0

[Event "Baku Open 2014"]
[Site "Baku AZE"]
[Date "2014.09.26"]
[Round "5.7"]
[White "Guliyev, Namig"]
[Black "Smirnov, Pavel"]
[Result "1/2-1/2"]
[WhiteElo "2546"]
[BlackElo "2611"]
[PlyCount "42"]
[EventDate "2014.09.22"]

1. e4 c5 2. Nf3 d6 3. Bb5+ Nd7 4. d4 cxd4 5. Qxd4 a6 6. Bxd7+ Bxd7 7. c4 Rc8 8.
O-O e5 9. Qd3 b5 10. Na3 Qb6 11. Be3 Qb7 12. Rac1 Nf6 13. cxb5 Rxc1 14. Rxc1
axb5 15. Nd2 d5 16. exd5 Qxd5 17. Qxd5 Nxd5 18. Bc5 b4 19. Bxf8 Rxf8 20. Nac4
f6 21. Ne3 Nxe3 1/2-1/2

[Event "Baku Open 2014"]
[Site "Baku AZE"]
[Date "2014.09.26"]
[Round "5.8"]
[White "Rasulov, Vugar"]
[Black "Zhigalko, Sergei"]
[Result "0-1"]
[WhiteElo "2514"]
[BlackElo "2677"]
[PlyCount "102"]
[EventDate "2014.09.22"]

1. e4 c5 2. Nf3 d6 3. Bb5+ Bd7 4. Bxd7+ Qxd7 5. O-O Nf6 6. Qe2 Nc6 7. c3 e6 8.
d4 cxd4 9. cxd4 d5 10. e5 Ne4 11. Be3 Be7 12. Ne1 f6 13. f3 Ng5 14. Nd3 O-O 15.
Nd2 b6 16. Bf2 fxe5 17. dxe5 Nb4 18. Nxb4 Bxb4 19. Nb3 Rac8 20. Rac1 Qa4 21.
Nd4 Bc5 22. Qb5 Qxa2 23. Ra1 Qc4 24. Qxc4 dxc4 25. h4 Ne4 26. fxe4 Rxf2 27.
Nxe6 Rxf1+ 28. Kxf1 a5 29. Ke2 Kf7 30. Ng5+ Ke7 31. Rd1 Rf8 32. Nh3 a4 33. g3
Rd8 34. Nf4 Rxd1 35. Kxd1 Bd4 36. Kc2 b5 37. Nd5+ Ke6 38. Nc7+ Kxe5 39. Nxb5
Kxe4 40. h5 Bf6 41. Nc3+ Kf3 42. Nxa4 Kg4 43. Nb6 Kxh5 44. Nxc4 Kg4 45. b4 Kxg3
46. Kd3 h5 47. Ke4 h4 48. Ne3 h3 49. b5 Bd8 50. Nf1+ Kf2 51. Kf4 Kxf1 0-1

[Event "Baku Open 2014"]
[Site "Baku AZE"]
[Date "2014.09.26"]
[Round "5.9"]
[White "Kuzubov, Yuriy"]
[Black "Onischuk, Vladimir"]
[Result "0-1"]
[WhiteElo "2663"]
[BlackElo "2593"]
[PlyCount "80"]
[EventDate "2014.09.22"]

1. c4 Nf6 2. g3 g6 3. Bg2 Bg7 4. e4 O-O 5. Ne2 d6 6. O-O c5 7. d4 Nc6 8. d5 Na5
9. Nd2 Rb8 10. a3 Nd7 11. Rb1 Ne5 12. Qc2 b5 13. cxb5 Bd7 14. Nc3 c4 15. a4 a6
16. bxa6 Qb6 17. Nf3 Nd3 18. Be3 Qxa6 19. Bd4 Bh6 20. Qe2 Nb3 21. Be3 Bg7 22.
Bg5 h6 23. Be3 Bxa4 24. Nd2 Bd7 25. Nxb3 Rxb3 26. Ra1 Qc8 27. Ra2 Qb8 28. Nd1
Bb5 29. Nc3 Nxb2 30. Nxb5 Qxb5 31. Ra7 c3 32. Qxb5 Rxb5 33. Rxe7 Nc4 34. Bc1
Rc8 35. Bh3 Rcc5 36. Re8+ Kh7 37. Re7 Nd2 38. Rd1 c2 39. Rxd2 Rb1 40. Kg2 Rxc1
0-1

[Event "Baku Open 2014"]
[Site "Baku AZE"]
[Date "2014.09.26"]
[Round "5.10"]
[White "Darini, Pouria"]
[Black "Volokitin, Andrei"]
[Result "1-0"]
[WhiteElo "2442"]
[BlackElo "2642"]
[PlyCount "97"]
[EventDate "2014.09.22"]

1. e4 c5 2. Nf3 e6 3. d4 cxd4 4. Nxd4 a6 5. Be2 Nf6 6. Nc3 Qc7 7. O-O Be7 8. f4
d6 9. a4 O-O 10. Be3 b6 11. Bf3 Bb7 12. g4 Nc6 13. g5 Nd7 14. Nde2 Rfe8 15. Bg2
Bf8 16. Rf3 Nb4 17. Rh3 g6 18. Rc1 d5 19. e5 Bc5 20. Nd4 Nc6 21. Nce2 b5 22.
axb5 axb5 23. Kh1 Qb6 24. c3 b4 25. Qe1 bxc3 26. bxc3 Ra2 27. Rb1 Rb2 28. Rxb2
Qxb2 29. Qh4 Nf8 30. Nxc6 Bxe3 31. Rxe3 Bxc6 32. Nd4 Bb7 33. Qg3 Ra8 34. h4
Ra1+ 35. Kh2 Ba6 36. h5 Bf1 37. Rf3 gxh5 38. Rf2 h4 39. Qe3 Ra2 40. Rxb2 Rxb2
41. Qc1 Rxg2+ 42. Kh1 Rg3 43. Qxf1 Rxc3 44. f5 Rc4 45. Qf2 h3 46. Kh2 Rb4 47.
fxe6 fxe6 48. Nxe6 Nxe6 49. Qf6 1-0

[Event "Baku Open 2014"]
[Site "Baku AZE"]
[Date "2014.09.27"]
[Round "6.1"]
[White "Inarkiev, Ernesto"]
[Black "Baryshpolets, Andrey"]
[Result "1-0"]
[WhiteElo "2672"]
[BlackElo "2540"]
[PlyCount "59"]
[EventDate "2014.09.22"]

1. e4 c5 2. Nf3 d6 3. d4 cxd4 4. Nxd4 Nf6 5. Nc3 Nc6 6. Bg5 e6 7. Qd2 a6 8.
O-O-O Nxd4 9. Qxd4 Be7 10. h4 b5 11. f3 O-O 12. Kb1 Bb7 13. Qd2 Rc8 14. Ne2 Qc7
15. Nd4 Rfd8 16. Bd3 b4 17. h5 d5 18. e5 Ne4 19. fxe4 dxe4 20. Bxe7 Rxd4 21.
Bd6 Qb6 22. h6 exd3 23. cxd3 Rg4 24. Rc1 Qd8 25. Rxc8 Qxc8 26. Rc1 Qe8 27. Rc7
Qb5 28. Ka1 gxh6 29. Qf2 Rg7 30. Qf6 1-0

[Event "Baku Open 2014"]
[Site "Baku AZE"]
[Date "2014.09.27"]
[Round "6.2"]
[White "Areshchenko, Alexander"]
[Black "Lupulescu, Constantin"]
[Result "1/2-1/2"]
[WhiteElo "2664"]
[BlackElo "2630"]
[PlyCount "39"]
[EventDate "2014.09.22"]

1. e4 c5 2. Nf3 d6 3. d4 cxd4 4. Nxd4 Nf6 5. Nc3 Nc6 6. Bg5 e6 7. Qd2 a6 8.
O-O-O h6 9. Nxc6 bxc6 10. Bf4 d5 11. Qe3 Bb4 12. Be2 O-O 13. e5 Nh7 14. Bd3 Qa5
15. Bxh7+ Kxh7 16. Qd3+ Kg8 17. Qg3 Kh7 18. Qd3+ Kg8 19. Qg3 Kh7 20. Qd3+
1/2-1/2

[Event "Baku Open 2014"]
[Site "Baku AZE"]
[Date "2014.09.27"]
[Round "6.3"]
[White "Artemiev, Vladislav"]
[Black "Donchenko, Alexander"]
[Result "1/2-1/2"]
[WhiteElo "2650"]
[BlackElo "2501"]
[PlyCount "66"]
[EventDate "2014.09.22"]

1. e4 c6 2. Nc3 d5 3. Nf3 Nf6 4. e5 Ne4 5. Ne2 Qb6 6. d4 e6 7. Nfg1 f6 8. f3
Ng5 9. exf6 gxf6 10. f4 Nf7 11. Nf3 Be7 12. Ng3 c5 13. f5 Nc6 14. Nh5 Nxd4 15.
Nxd4 cxd4 16. fxe6 Bxe6 17. Bd3 Rg8 18. Nf4 Bg4 19. Be2 Bf5 20. c3 dxc3 21.
Qa4+ Bd7 22. Qb3 Qxb3 23. axb3 cxb2 24. Bxb2 Bc6 25. O-O-O O-O-O 26. Bf3 d4 27.
Bxc6 bxc6 28. Bxd4 Rd7 29. Rhf1 Bd6 30. Bxf6 Bxf4+ 31. Rxf4 Rxd1+ 32. Kxd1 Rxg2
33. Bd4 Nd6 1/2-1/2

[Event "Baku Open 2014"]
[Site "Baku AZE"]
[Date "2014.09.27"]
[Round "6.4"]
[White "Salem, A.R. Saleh"]
[Black "Zhigalko, Sergei"]
[Result "1-0"]
[WhiteElo "2594"]
[BlackElo "2677"]
[PlyCount "61"]
[EventDate "2014.09.22"]

1. d4 Nf6 2. c4 e6 3. Nf3 b6 4. a3 Ba6 5. Qc2 Bb7 6. Nc3 c5 7. dxc5 bxc5 8. Bf4
Nh5 9. Be3 Be7 10. g4 Nf6 11. g5 Nh5 12. O-O-O Bxf3 13. exf3 Nc6 14. f4 g6 15.
Ne4 Nd4 16. Qc3 Qc7 17. Nxc5 Bxc5 18. Bxd4 Bxd4 19. Rxd4 Nxf4 20. Qf3 Nd5 21.
Kb1 Qe5 22. Qd3 Nf4 23. Qe3 Qf5+ 24. Ka1 e5 25. Re4 d6 26. c5 O-O 27. cxd6 Nd5
28. Qe1 Rad8 29. Rxe5 Qf3 30. Be2 Qb3 31. Qd1 1-0